| 000 | 01804cad a22002535a 4500 | ||
|---|---|---|---|
| 001 | L147759 | ||
| 008 | 090615s2009 xxkado f 000 0 eng d | ||
| 035 | _a(Sirsi) u147759 | ||
| 041 | 0 | _aeng | |
| 050 | 0 | 4 | _a333.33 $2 18 |
| 110 | 2 |
_aTenant Services Authority _95662 |
|
| 245 | 0 | 0 |
_aBuilding a new regulatory framework _ba discussion paper _h[electronic resource] |
| 260 |
_aLondon _bTSA _c2009 |
||
| 505 | 2 | _aForeword -- Introduction -- Key messages from the Notional Conversation -- The TSA's approach to regulation -- Proposed scope of the new standards framework: the service offer to tenants; tenant empowerment and involvement; the tenancy agreement; governance; viability; value for money -- Monitoring landlord performance -- The TSA's approach to dealing with poor performance -- Registration and landlord permissions -- Some key questions in this discussion paper -- Glossary | |
| 520 | _aPresents and seeks views on standards set out by the Tenant Services Authority as a result of the consultation held in the first phase of National Conversation, a programme of engagement between landlords and tenants in England. Accompanied by an executive summary and the document entitled "National Conversation phase one findings" and its executive summary (see L147758) as well as the "National Conversation leaflet June 2009" (see L147762), all available to download from the website. | ||
| 520 | _aComments are accepted until 8 September 2009. | ||
| 521 | _aAdvanced | ||
| 590 | _aKA NTK | ||
| 650 | 2 | 4 | _aHOUSING AND REGENERATION ACT 2008 |
| 651 | 4 |
_aEngland _y886- |
|
| 690 | _aPROPERTY-RESIDENTIAL PROPERTY | ||
| 856 | 4 | 0 |
_uhttps://www.tenantservicesauthority.org/server/show/ConWebDoc.18499 _zView the discussion paper free of charge at www.tenantservicesauthority.org... |
| 942 | _n0 | ||
| 999 |
_c109715 _d109715 |
||